Prace z zakresu gospodarki przestrzennej

Salvato in:
Dettagli Bibliografici
Altri autori: Domanski, Ryszard
Natura: Libro
Lingua:polacco
inglese
Pubblicazione: Poznan Wydawnictwo Akademii Ekonomicznej w Poznaniu 1993
Edizione:1. wyd.
Serie:Zeszyty naukowe Zeszyt 206
Soggetti:
Tags: Aggiungi Tag
Nessun Tag, puoi essere il primo ad aggiungerne!!

MARC

LEADER 00000nam a2200000 4500
001 c014135
005 20250509102703.3
041 0 |a pol 
041 0 |a eng 
044 |a PL 
245 1 0 |a Prace z zakresu gospodarki przestrzennej  |c Ved. red. Ryszard Domanski 
250 |a 1. wyd. 
264 1 |a Poznan  |b Wydawnictwo Akademii Ekonomicznej w Poznaniu  |c 1993 
300 |a 95 s. 
490 1 |a Zeszyty naukowe  |v Zeszyt 206 
830 0 |a Zeszyty naukowe  |v Zeszyt 206 
610 2 0 |a ekonomika priestorová 
610 2 0 |a hospodárstvo regionálne 
610 2 0 |a prostredie životné 
610 2 0 |a mestá 
610 2 0 |a marketing 
610 2 0 |a obyvateľstvo 
610 2 0 |a rozvoj regionálny 
610 2 0 |a Poľsko 
700 1 |a Domanski, Ryszard